[Event "Urumia op 2nd"]
[Site "Urumia"]
[Date "2008.08.29"]
[Round "7"]
[White "Toufighi, Homayoon"]
[Black "Mahdavirad, Mehdi"]
[Result "1/2-1/2"]
[WhiteElo "2425"]
[BlackElo "2215"]
[PlyCount "114"]
[EventDate "2008.08.26"]
[EventType "swiss"]
[EventRounds "10"]
[EventCountry "IRI"]
[SourceTitle "CBM 126 Extra"]
[Source "ChessBase"]
[SourceDate "2008.11.05"]
[SourceVersion "1"]
[SourceVersionDate "2008.11.05"]
[SourceQuality "1"]

1. e4 c5 2. Nf3 d6 3. Bb5+ Bd7 4. Bxd7+ Qxd7 5. 0-0 Nc6 6. b3 Nf6 7. Re1 g6 8. Bb2 Bg7 9. d4 cxd4 10. Nxd4 0-0 11. c4 a6 12. Nc3 e6 13. Nxc6 Qxc6 14. Qd3 Rfd8 15. Rad1 Rd7 16. Qf3 Ne8 17. Qe2 b5 18. cxb5 axb5 19. Rc1 Qb7 20. Rb1 b4 21. Na4 Bxb2 22. Rxb2 Rc7 23. Rd2 Nf6 24. Rxd6 Qxe4 25. Qd1 Qc2 26. Qd4 Nd5 27. h4 h5 28. Kh2 Rf8 29. Nb6 Nxb6 30. Rxb6 Qxa2 31. Rxb4 Rc2 32. Kg1 Rfc8 33. Qf4 Qb2 34. Rb7 Qg7 35. Re3 Rc1+ 36. Kh2 R8c5 37. Rxe6 fxe6 38. Rxg7+ Kxg7 39. Qd4+ Kf7 40. Qd7+ Kf6 41. f3 Rc7 42. Qb5 Kf7 43. b4 Rd1 44. Qb6 Rdd7 45. Kg3 Rc2 46. b5 Rdd2 47. Qa7+ Kf6 48. Qg1 Rb2 49. Qc5 e5 50. Qc6+ Ke7 51. f4 exf4+ 52. Kxf4 Rxg2 53. Qc5+ Kf7 54. b6 Rg4+ 55. Ke5 Rgb4 56. Qc7+ Kg8 57. Qd8+ Kh7 1/2-1/2

[Event "Urumia op 2nd"]
[Site "Urumia"]
[Date "2008.08.28"]
[Round "4"]
[White "Bolhari, Orfeh Iraj"]
[Black "Mahdavirad, Mehdi"]
[Result "0-1"]
[WhiteElo "2082"]
[BlackElo "2215"]
[PlyCount "66"]
[EventDate "2008.08.26"]
[EventType "swiss"]
[EventRounds "10"]
[EventCountry "IRI"]
[SourceTitle "CBM 126 Extra"]
[Source "ChessBase"]
[SourceDate "2008.11.05"]
[SourceVersion "1"]
[SourceVersionDate "2008.11.05"]
[SourceQuality "1"]

1. e4 c5 2. Ne2 Nc6 3. Nbc3 g6 4. g3 Bg7 5. Bg2 d6 6. 0-0 e6 7. d3 Nge7 8. Be3 Nd4 9. Qd2 0-0 10. Kh1 Rb8 11. a4 Nec6 12. Nd1 Nxe2 13. Qxe2 b6 14. Qd2 d5 15. Bh6 dxe4 16. Bxg7 Kxg7 17. Bxe4 Nd4 18. Qf4 Bb7 19. Ne3 g5 20. Qg4 f5 21. Qh5 fxe4 22. f4 exf3 23. Rf2 Qf6 24. Re1 Qg6 25. Qh3 h5 26. g4 Rh8 27. Nc4 hxg4 28. Qg3 Rbf8 29. Qd6 Nf5 30. Qd7+ Rf7 31. Qb5 g3 32. Ne5 gxf2 33. Rf1 Rxh2+ 0-1

[Event "Urumia op 2nd"]
[Site "Urumia"]
[Date "2008.08.28"]
[Round "5"]
[White "Mahdavirad, Mehdi"]
[Black "Ashtiani, Mehrdad"]
[Result "1-0"]
[WhiteElo "2215"]
[BlackElo "2088"]
[PlyCount "67"]
[EventDate "2008.08.26"]
[EventType "swiss"]
[EventRounds "10"]
[EventCountry "IRI"]
[SourceTitle "CBM 126 Extra"]
[Source "ChessBase"]
[SourceDate "2008.11.05"]
[SourceVersion "1"]
[SourceVersionDate "2008.11.05"]
[SourceQuality "1"]

1. e4 c5 2. c4 Nc6 3. Ne2 g6 4. d4 cxd4 5. Nxd4 Bg7 6. Be3 d6 7. Nc3 Nf6 8. Be2 0-0 9. 0-0 Nd7 10. Kh1 Nc5 11. f4 f5 12. exf5 gxf5 13. Nxc6 bxc6 14. Bd4 Bxd4 15. Qxd4 Qb6 16. Bf3 Bd7 17. Rae1 Rae8 18. Bh5 Qxb2 19. Bxe8 Rxe8 20. Rb1 Qc2 21. Rbd1 Ne6 22. Qxa7 Nc5 23. Rc1 Qd2 24. Na4 Nd3 25. Qxd7 Nf2+ 26. Kg1 Nh3+ 27. gxh3 Qe3+ 28. Kg2 Qe4+ 29. Kg3 Kf7 30. Rce1 Qc2 31. Qe6+ Kg7 32. Re2 Qxa4 33. Kh4 Kh8 34. Rg2 1-0

[Event "Dubai op 09th"]
[Site "Dubai"]
[Date "2007.04.26"]
[Round "5"]
[White "Melkumyan, Hrant"]
[Black "Mahdavirad, Mehdi"]
[Result "1-0"]
[WhiteElo "2406"]
[BlackElo "2161"]
[PlyCount "50"]
[EventDate "2007.04.22"]
[EventType "swiss"]
[EventRounds "9"]
[EventCountry "UAE"]
[SourceTitle "CBM 118 Extra"]
[Source "ChessBase"]
[SourceDate "2007.07.04"]
[SourceVersion "1"]
[SourceVersionDate "2007.07.04"]
[SourceQuality "1"]

1. d4 d5 2. c4 e6 3. Nf3 Nf6 4. Nc3 dxc4 5. e4 Bb4 6. Bg5 b5 7. e5 h6 8. exf6 hxg5 9. fxg7 Rg8 10. Qc2 Rxg7 11. 0-0-0 Bxc3 12. Qxc3 Qd5 13. Be2 g4 14. Ne5 f6 15. Qe3 fxe5 16. dxe5 Qb7 17. Qh6 c5 18. Qh8+ Kf7 19. Rd8 Qe7 20. Rxc8 Qg5+ 21. Kb1 Qxe5 22. Re1 Qf6 23. Ka1 Kg6 24. h4 Nd7 25. Rxa8 Qxf2 1-0

[Event "Olympiad-37"]
[Site "Turin"]
[Date "2006.05.24"]
[Round "4"]
[White "Elbaba, Ezat"]
[Black "Mahdavirad, Mehdi"]
[Result "0-1"]
[WhiteElo "2166"]
[BlackElo "2235"]
[PlyCount "76"]
[EventDate "2006.05.21"]
[EventType "team-swiss"]
[EventRounds "13"]
[EventCountry "ITA"]
[SourceTitle "CBM 113"]
[Source "ChessBase"]
[SourceDate "2006.07.31"]
[SourceVersion "1"]
[SourceVersionDate "2006.07.31"]
[SourceQuality "1"]
[WhiteTeam "Syria"]
[BlackTeam "Iran"]
[WhiteTeamCountry "SYR"]
[BlackTeamCountry "IRI"]

1. c4 e6 2. Nf3 d5 3. b3 Nf6 4. Bb2 c5 5. g3 Nc6 6. e3 d4 7. exd4 cxd4 8. Bg2 Bc5 9. d3 0-0 10. 0-0 e5 11. a3 a5 12. Re1 Nd7 13. Bc1 Be7 14. Ra2 f5 15. Rb2 h6 16. Bd2 Nc5 17. Bf1 e4 18. b4 axb4 19. axb4 Nxd3 20. Bxd3 exd3 21. b5 Na5 22. Ra2 b6 23. Ne5 Bb7 24. Bxa5 bxa5 25. Nxd3 Rc8 26. Nd2 Bb4 27. Nxb4 axb4 28. Ra7 Qb6 29. Qa4 Rf7 30. Qa5 Qd6 31. Qa2 Qc5 32. Rc1 f4 33. g4 d3 34. Ra5 f3 35. Nf1 Re8 36. b6 Qd4 37. Ng3 Re2 38. Nxe2 fxe2 0-1

[Event "Fajr op 14th"]
[Site "Tehran"]
[Date "2006.01.29"]
[Round "8"]
[White "Mahdavirad, Mehdi"]
[Black "Bistric, Faruk"]
[Result "0-1"]
[WhiteElo "2249"]
[BlackElo "2434"]
[PlyCount "100"]
[EventDate "2006.01.24"]
[EventType "swiss"]
[EventRounds "9"]
[EventCountry "IRI"]
[SourceTitle "CBM 110 Extra"]
[Source "ChessBase"]
[SourceDate "2006.03.10"]
[SourceVersion "2"]
[SourceVersionDate "2006.03.10"]
[SourceQuality "1"]

1. b3 c5 2. Bb2 Nc6 3. f4 d5 4. e3 a6 5. Nf3 d4 6. Bd3 Nf6 7. exd4 cxd4 8. 0-0 g6 9. Ne5 Nxe5 10. fxe5 Ng4 11. Rf4 Nxe5 12. Bxd4 Bg7 13. Nc3 0-0 14. Bxe5 Bxe5 15. Rh4 Bd4+ 16. Kh1 e5 17. Qe1 Be6 18. Rd1 Rc8 19. Ne2 Ba7 20. Ng1 f5 21. Bc4 Re8 22. Bxe6+ Rxe6 23. c4 Qe7 24. Rh3 Rd8 25. Ne2 Bd4 26. Rd3 Kg7 27. Qf1 Bb2 28. Rxd8 Qxd8 29. Qf3 Re7 30. g3 Rd7 31. d4 Bxd4 32. Nxd4 exd4 33. Qd3 Qe7 34. Kg2 Qe4+ 35. Kf2 Kf6 36. b4 g5 37. a4 Qe3+ 38. Kf1 f4 39. c5 Qxd3+ 40. Rxd3 Ke5 41. gxf4+ gxf4 42. Ke2 Ke4 43. Rh3 Rg7 44. b5 axb5 45. axb5 Rg2+ 46. Kf1 Rb2 47. b6 d3 48. Rxh7 Rb1+ 49. Kf2 d2 50. Re7+ Kf5 0-1

[Event "Fajr op 14th"]
[Site "Tehran"]
[Date "2006.01.28"]
[Round "5"]
[White "Mahdavirad, Mehdi"]
[Black "Moradiabadi, Elshan"]
[Result "1/2-1/2"]
[WhiteElo "2249"]
[BlackElo "2470"]
[PlyCount "66"]
[EventDate "2006.01.24"]
[EventType "swiss"]
[EventRounds "9"]
[EventCountry "IRI"]
[SourceTitle "CBM 110 Extra"]
[Source "ChessBase"]
[SourceDate "2006.03.10"]
[SourceVersion "2"]
[SourceVersionDate "2006.03.10"]
[SourceQuality "1"]

1. b3 e5 2. Bb2 Nc6 3. c4 g6 4. e3 Bg7 5. Nf3 d6 6. d4 Bg4 7. Be2 e4 8. Nfd2 Bxe2 9. Qxe2 f5 10. a3 Nh6 11. Nc3 0-0 12. Nd5 Qd7 13. h4 Nd8 14. Nf4 c6 15. g3 Ne6 16. Nb1 Ng4 17. Nc3 Nxf4 18. gxf4 h5 19. d5 c5 20. Na4 Bxb2 21. Nxb2 a6 22. Kf1 b5 23. cxb5 axb5 24. Kg2 Rfb8 25. a4 bxa4 26. bxa4 Nf6 27. Rhd1 Qe7 28. Nc4 Nd7 29. a5 Qxh4 30. Nxd6 Qf6 31. Nc4 Kh7 32. d6 Kh6 33. Rh1 Ra7 1/2-1/2